Pouvez-vous nommer touts les Oscar du meilleur film depuis 2000 ? - Statistiques

Statistiques générales
  • Ce quiz a été pris 41 fois
  • Le résultat moyen est 12 sur 26
Statistiques - réponses
Année Film % Correct
2024 Oppenheimer
78%
2023 Everything Everywhere All at Once
74%
2020 Parasite
74%
2012 The Artist
70%
2025 Anora
65%
2001 Gladiator
57%
2000 American Beauty
52%
2022 Coda
52%
2017 Moonlight
52%
2018 La Forme de l'eau
48%
2011 Le Discours d'un Roi
48%
2015 Birdman
43%
2010 Démineurs
39%
2019 Green Book : Sur les routes du Sud
39%
2005 Million Dollar Baby
39%
2008 No Country for Old men
39%
2021 Nomadland
39%
2016 Spotlight
39%
2007 Les Infiltrés
35%
2009 Slumdog Millionaire
35%
2013 Argo
30%
2004 Le Seigneur des Anneaux : Le retour du Roi
30%
2003 Chicago
22%
2014 Twelve Years a Slave
22%
2002 Un homme d'exception
22%
2006 Collision
17%
Aucun quiz correspondant
Distribution des résultats
% des personnes avec chaque résultat
Percentile par nombre de réponses
Votre historique - résultats
Vous n’avez pas pris ce quiz